| 000 | 00741nam a22002177a 4500 | ||
|---|---|---|---|
| 005 | 20250722155508.0 | ||
| 008 | 250722b |||||||| |||| 00| 0 eng d | ||
| 020 | _a978-1-5017-5306-0 (hbk) | ||
| 037 | _cTB | ||
| 040 |
_aAL _cAL |
||
| 041 |
_2eng _aeng |
||
| 084 |
_aO28,3:g 111R0 _qTB |
||
| 100 |
_aJohnson, Rebecca C. _9816292 |
||
| 245 | _aStranger fictions: history of the novel in arabic translation | ||
| 260 |
_aLondon, UK: _bCornell Univesity Press, _c2020. |
||
| 300 | _axiii,270p. | ||
| 365 |
_b 40.00 _cUKP |
||
| 650 | _2ARABIC LITERATURE | ||
| 942 |
_2CC _cTB _hO28,3:g 111R0 _n0 |
||
| 999 |
_c1434179 _d1434179 |
||